000 00537nam a2200181Ia 4500
008 240729s9999 xx 000 0 und d
022 _a1712-4441
245 0 _aJournal of Community Informatics
260 _aCanada
260 _bJournal of Community Informatics
650 _a Industrial engineering. Management engineering
650 _a Information technology
650 _a Technology (General)
650 _aTechnology
856 _uhttps://doaj.org/toc/0e2f1ad56a6644fb9bc0117fb288305d
942 _2ddc
942 _cDOAJEJ
999 _c72010
_d72010
945 _a1
_bMadushi Gamage
_c1
_dMadushi Gamage